| 000 | 00755cam a22001814a 4500 | ||
|---|---|---|---|
| 005 | 20250605164344.0 | ||
| 008 | 250528s ||||||||||||||||||||||||d | ||
| 035 | _a23756 | ||
| 040 |
_aGR-AtMCL _bgre _dGR-AtMCL _eAACR2 |
||
| 245 | 1 | _aExtensive Survey on Biometric Techniques and Their Analysis from a Security Perspective/ | |
| 260 | _c2016 | ||
| 300 | _a63 | ||
| 520 | _aBiometric Glossary and Abbreviations, Introduction, Biometric Systems Timeline, Usage of Biometric Systems and Ethical Concerns, What are Biometric Systems? Their Use and a List of Them, Attacks on Biometric Systems, Defense Mechanisms on Biometric Systems, Conclusions, References. | ||
| 700 | 1 |
_aBesyris Michail _99295 |
|
| 942 | _cDS | ||
| 999 |
_c8698 _d8698 |
||